• 首页
  • 本馆介绍
  • 公告通知
  • 最新文献
  • 馆藏检索
  • 电子资源
  • 读者导购
  • 参考咨询
  • 我的图书馆
  • 登录
  • 详细信息显示
  • 放入我的书架
  • 预约/预借图书
  • 作者相关作品
  • 分类相关作品
  • 丛书相关作品
  • 出版社相关作品

书目信息

  • 表格格式
  • 工作单格式
  • 卡片格式
题名:
数字化潮—数字化与人类未来
    
 
作者: 陈志良
分册:  
出版信息: 北京   科学普及出版社  1999
页数: 307
开本: 20cm
丛书名: 科普热点丛书
单 册:
中图分类: TG76
科图分类:
主题词: 模具
电子资源:
ISBN: 7-110-04548-X
000 00619nam0 2200205 450
001 0729297901
005 20071003080817.90
010    @a7-110-04548-X@d¥18.00
100    @a20071003d km y0chiy0120 ea
101 0  @achi
200 1  @a数字化潮—数字化与人类未来@Ashu zi hua chao—shu zi hua yu ren lei wei lai@f陈志良@Fchen zhi liang
210    @a北京@c科学普及出版社@d1999
215    @a307@d20cm
225 2  @a科普热点丛书
410  0 @12001 @a科普热点丛书
606 0  @a模具
690    @aTG76@v4
701  0 @a陈志良@Achen zhi liang
801  0 @aCN@b大连网信软件有限公司图书馆·11@c20071003
905    @a213230@dTG76@eM42
    
    数字化潮—数字化与人类未来/陈志良.-北京:科学普及出版社,1999
    307;20cm.-(科普热点丛书)
    
    
    ISBN 7-110-04548-X:¥18.00
    
●
相关链接 在E读中查询图书 在五车中查询图书 在当当中查询图书 在豆瓣中查询图书


正题名:数字化潮—数字化与人类未来     索取号:TG76/M42         预约/预借

序号 登录号 条形码 馆藏地/架位号 状态 备注
1 6401049   264010493   密集书库-美术系/ [索取号:TG76/M42] 在馆    
唐山师范学院图书馆 欢迎您!
大连网信软件有限公司© 版权所有